Брат-братові: книга про ЗУАДК (Запис № 315064)

МАРК-запис
000 -Лідер
fixed length control field 00817nam a22002537a 4500
001 - Контрольний номер
control field 28694
003 - Ідентифікатор контрольного номера
control field UA-OsUOA
005 - Дата та час останнього входження (трансакції)
control field 20191121140305.0
007 - Фіксоване поле фізичного опису
fixed length control field ta
008 - Елементи даних фіксованої довжини – загальна інформація
fixed length control field 20050421b un ||||| |||| 00| 0 ukr d
040 ## - Джерело каталогізації
Агенція оригінальної каталогізації UA-OsUOA
Мова каталогізації ukr
Агенція, яка здійснювала перезапис UA-OsUOA
Агенція, яка здійснювала модифікацію UA-OsUOA
041 ## - Код мови
Код мови тексту/ звукової доріжки чи окремого заголовка (П) ukr
044 ## - Код країни видавця/ виробника
Код країни видавця/ виробника (П) US
080 ## - Індекс Універсальної десяткової класифікації
Індекс Універсальної десяткової класифікації (УДК) (НП) 94(477)152
090 ## - Локальний шифр розміщення
Класифікаційний індекс УДК 94(477)152
Авторський знак (НП) Т21
100 ## - Основне введення – ім’я особи
Ім’я особи (НП) Тарнавський О.
245 ## - Відомості про назву
Назва (НП) Брат-братові: книга про ЗУАДК
Дані про відповідальність (НП) Тарнавський Остап
260 ## - Публікація, розповсюдження і т.п. (Вихідні дані)
Місце публікації, розповсюдження і т.п. (П) Філадельфія
Ім’я/ наймення видавництва, розповсюджувача і т.п. (П) Злучений український американський допомоговий комітет
Дата публікації, розповсюдження і т.п. (П) 1971
300 ## - Фізичний опис
Обсяг 262 с.
Інші фізичні характеристики (НП) Ілюстрації
650 #7 - Додаткове предметне введення – тематичний термін
Джерело заголовка чи терміна UDC
942 ## - Додаткові елементи входу (Коха)
Тип елемента Koha Книги
Source of classification or shelving scheme Universal Decimal Classification
955 ## - Код типу видання за змістом
Код типу видання за змістом (НП) інше
Фонди
Стан вилучень Стан втрат Джерело класифікації або схеми стелажів Стан уражень Не для кредиту Постійне місце розташування Поточне розміщення Дата придбання Інвентарний номер Усього замовленно Повний номер виклику Штрих-код Дата останнього перегляду Ціна ефективна від Тип елемента Koha Джерело придбання Вартість, звичайна ціна покупки
    Universal Decimal Classification     Наукова бібліотека ІДУД Наукова бібліотека ІДУД 05/07/2006 2125245   061.237 Т21 2125245 14/09/2019 05/07/2006 Книги 3/2006 1.00
    Universal Decimal Classification     Наукова бібліотека ІДУД Наукова бібліотека ІДУД 01/07/2014 2136683   061 Б87 2136683 14/09/2019 01/07/2014 Книги 311/2014 1.00
    Universal Decimal Classification     Наукова бібліотека ІДУД Наукова бібліотека ІДУД 01/07/2014 2136685   061 Б87 2136685 14/09/2019 01/07/2014 Книги 311/2014 1.00
    Universal Decimal Classification     Наукова бібліотека ІДУД Наукова бібліотека ІДУД 25/04/2007 2126692   94(477).152 Т21 2126692 15/09/2019 25/04/2007 Книги 14/2006 1.00
Withdrawn   Universal Decimal Classification     ЧЗ - Читальна зала ЧЗ - Читальна зала 21/04/2005 80907   94(477)152 Т21 80907 13/07/2019 21/04/2005 Книги